Múzeumi tanulás a mentális és fizikai egészség szolgálatában = Museum learning in the service of mental and physical health [absztrakt] /

Elmentve itt :
Bibliográfiai részletek
Szerző: Koltai Zsuzsa
Testületi szerző: Egészségfejlesztés holnapután : rendszerszemlélet, participáció, együttműködés
Dokumentumtípus: Könyv része
Megjelent: Juhász Gyula Felsőoktatási Kiadó Szeged 2024
Sorozat:Egészségfejlesztés holnapután : rendszerszemlélet, participáció, együttműködés
Kulcsszavak:Egészségfejlesztés - előadáskivonat, Mentálhigiéné - előadáskivonat, Múzeumi tanulás - előadáskivonat
Tárgyszavak:
Online Access:http://acta.bibl.u-szeged.hu/86022
LEADER 01190naa a2200241 i 4500
001 acta86022
005 20241128094950.0
008 241128s2024 hu o 100 hun d
020 |a 978-963-648-048-6 
040 |a SZTE Egyetemi Kiadványok Repozitórium  |b hun 
041 |a hun 
041 |a eng 
100 1 |a Koltai Zsuzsa 
245 1 0 |a Múzeumi tanulás a mentális és fizikai egészség szolgálatában = Museum learning in the service of mental and physical health   |h [elektronikus dokumentum] :  |b [absztrakt] /  |c  Koltai Zsuzsa 
260 |a Juhász Gyula Felsőoktatási Kiadó  |b Szeged  |c 2024 
300 |a 56-57 
490 0 |a Egészségfejlesztés holnapután : rendszerszemlélet, participáció, együttműködés 
650 4 |a Társadalomtudományok 
650 4 |a Pszichológia 
650 4 |a Oktatástudomány 
695 |a Egészségfejlesztés - előadáskivonat, Mentálhigiéné - előadáskivonat, Múzeumi tanulás - előadáskivonat 
711 |a Egészségfejlesztés holnapután : rendszerszemlélet, participáció, együttműködés  |c Szeged  |d 2024. november 22. 
856 4 0 |u http://acta.bibl.u-szeged.hu/86022/1/egeszsegfejlesztes_holnaputan_2024_056-057.pdf  |z Dokumentum-elérés